| 000 | 01186nam a22002177a 4500 | ||
|---|---|---|---|
| 999 |
_c2402 _d2402 |
||
| 003 | AR-CdUCM | ||
| 008 | 190304b ||||| |||| 00| 0 spa d | ||
| 020 | _a9972-787-09-5 | ||
| 040 |
_aMUNICIPALIDAD PROVINCIAL DEL CUSCO _cBIBLIOTECA MUNICIPAL DEL CUSCO |
||
| 082 |
_a337.18 / _bM737 |
||
| 100 |
_aMoncayo Jiménez, Edgard _98628 |
||
| 245 |
_aGeografía económica de la Comunidad Andina : _bregiones : nuevos actores de la integración / |
||
| 260 |
_aLima : _bComunidad Andina, Secretaría General, _c2003. |
||
| 300 |
_a282 paginas ; _bIlustraciones, mapas. _c30 cm. |
||
| 505 | _aGlocalización nuevos enfoques teóricos sobre el desarrollo regional (subnacional en el contexto de la integración económica y la globalización -- La perspectiva económica -- Factores regionales de la localización, comercio internacional e integración supranacional -- Identificación del origen regional (subnacional) del comercio intra andino de bienes -- Análisis de las regiones activas en el comercio intra andino... | ||
| 650 |
_aConvenio ínter andino _98629 |
||
| 650 |
_aComunidad andina _98630 |
||
| 650 |
_aIntegración andina _98451 |
||
| 942 |
_2ddc _cLIBROS |
||
| 945 | _awnts | ||